| 000 | 00461nam a2200181Ia 4500 | ||
|---|---|---|---|
| 001 | 23363 | ||
| 005 | 20260414150932.0 | ||
| 008 | 260414t2007||||xx |||||||||||||| ||spa|| | ||
| 041 | _aESP | ||
| 082 |
_a629.892 _bJ419 |
||
| 100 |
_aJazar, Reza N. _eAUT |
||
| 245 | 0 |
_aTheory of applied robotics : _bkinematics, dynamics, and control |
|
| 260 | _c2007 | ||
| 300 |
_axxiii, 883 páginas : _c\N |
||
| 650 | _aCNM | ||
| 654 | _aCCN | ||
| 942 |
_cLIB _dJUS _fJUS _2ddc _n |
||
| 999 |
_c23363 _d23363 |
||